Living with B1 : UK business parks 1979-1999 (Record no. 93281)

MARC details
000 -LEADER
fixed length control field 00534cam a2200205 4500
001 - CONTROL NUMBER
control field B3005
008 - FIXED-LENGTH DATA ELEMENTS--GENERAL INFORMATION
fixed length control field 090401t1990 xxu||||| |||| 00| 0 eng d
035 ## - SYSTEM CONTROL NUMBER
System control number (Sirsi) u53520
041 ## - LANGUAGE CODE
Language code of text/sound track or separate title eng
050 ## - LIBRARY OF CONGRESS CALL NUMBER
Classification number 333.336
100 ## - MAIN ENTRY--PERSONAL NAME
Personal name King, Andy
245 ## - TITLE STATEMENT
Title Living with B1 : UK business parks 1979-1999
260 ## - PUBLICATION, DISTRIBUTION, ETC.
Place of publication, distribution, etc. London
Name of publisher, distributor, etc. Applied Property Research
Date of publication, distribution, etc. 1990
300 ## - PHYSICAL DESCRIPTION
Extent (45) leaves ; 30cm.
350 ## - PRICE (NR) (BK AM CF MU VM SE) [OBSOLETE]
Price 0
520 ## - SUMMARY, ETC.
Summary, etc. Includes list of Top Fifty Schemes Started.
700 ## - ADDED ENTRY--PERSONAL NAME
Personal name Bryant, Steve
942 ## - ADDED ENTRY ELEMENTS (KOHA)
Suppress in OPAC 0
948 ## - LOCAL PROCESSING INFORMATION (OCLC); SERIES PART DESIGNATOR (RLIN)
c (OCLC) 04/03/1997
Holdings
Withdrawn status Lost status Source of classification or shelving scheme Damaged status Not for loan Home library Current library Shelving location Date acquired Total Checkouts Full call number Barcode Date last seen Copy number Price effective from Koha item type
    Dewey Decimal Classification     London London Basement 14/09/1999   SHELF 202 30001184 06/08/2019 1 06/08/2019 Book